000 00628nam a22002057a 4500
003 UA-OsUOA
001 44769
007 ta
008 20070313b un ||||| |||| 00| 0 ukr d
090 _a34
_bП-11
942 _cSA
040 _aUA-OsUOA
_bukr
_cUA-OsUOA
_dUA-OsUOA
245 _aПро внесення змін до Сімейного та Цивільного кодексів України/ Закон України від 22 грудня 2006 року № 524-V
300 _aС.87-88
955 _a0
041 _aukr
080 _a34
773 0 _w44767
650 7 _a34 Право. Юриспруденція
_2UDC
999 _c330886
_d330886